| 000 | 01119nam a22003257a 4500 | ||
|---|---|---|---|
| 001 | 376428 | ||
| 003 | DO-SdBNP | ||
| 005 | 20230830120704.0 | ||
| 007 | 376428 | ||
| 008 | 991216s1999 sp | ||spa | ||
| 020 | _a8437617529 | ||
| 040 |
_aBPMSU _bspa _cBPMSU |
||
| 082 | 4 |
_a843.8 _bF587t 1999 _222 |
|
| 100 | 1 |
_aFlaubert, Gustave, _d1821-1880. |
|
| 240 | 1 | 0 | _l |
| 245 | 1 | 0 |
_aTres cuentos : _bUn corazón sencillo ; La leyenda de San Julián el Hospitalario ; Herodías / _cGustave Flaubert ; edición de Germán Palacios ; traducción de Germán Palacios |
| 260 |
_aMadrid : _bCátedra _c1999 |
||
| 300 |
_a121 p. ; _c20 cm |
||
| 490 | 0 |
_aLetras universales, _v284 |
|
| 504 | _aBibliografía: p. 21-22 | ||
| 505 | 1 |
_aUn corazón sencillo -- _tLa leyenda de San Julián el Hospitalario -- _tHerodías. |
|
| 534 |
_aTítulo original : _tTrois contes |
||
| 590 | _6Inventariado, 2023/VM | ||
| 650 | 4 | _aCuentos franceses | |
| 650 | 4 |
_aHospitales _vCuentos |
|
| 650 | 4 |
_aHéroes _vCuentos |
|
| 700 | 1 |
_aPalacios, Germán, _d1918-2009 _eed. |
|
| 910 | _aVMateo V. Control de calidad. BPMSU | ||
| 942 |
_2ddc _cBK |
||
| 999 |
_c8621 _d8621 |
||